<?xml version="1.0" encoding="UTF-8"?>
<record
    xmlns:xsi="http://www.w3.org/2001/XMLSchema-instance"
    xsi:schemaLocation="http://www.loc.gov/MARC21/slim http://www.loc.gov/standards/marcxml/schema/MARC21slim.xsd"
    xmlns="http://www.loc.gov/MARC21/slim">

  <leader>02518nam a22002534i 4500</leader>
  <controlfield tag="003">OSt</controlfield>
  <controlfield tag="005">20170606163910.0</controlfield>
  <controlfield tag="008">170606e2017    spcd          000 0 spa d</controlfield>
  <datafield tag="017" ind1=" " ind2=" ">
    <subfield code="a">DL B 2617-2017</subfield>
  </datafield>
  <datafield tag="020" ind1=" " ind2=" ">
    <subfield code="a">9788416919024</subfield>
  </datafield>
  <datafield tag="040" ind1=" " ind2=" ">
    <subfield code="c">CDMR</subfield>
  </datafield>
  <datafield tag="245" ind1="0" ind2="0">
    <subfield code="a">Austeridad y clientelismo </subfield>
    <subfield code="b">: pol&#xED;tica audiovisual en Espa&#xF1;a en el contexto mediterr&#xE1;neo y de la crisis financiera /</subfield>
    <subfield code="c">Isabel Fern&#xE1;ndez Alonso (ed.)</subfield>
  </datafield>
  <datafield tag="250" ind1=" " ind2=" ">
    <subfield code="a">Primera edici&#xF3;n</subfield>
  </datafield>
  <datafield tag="264" ind1=" " ind2="1">
    <subfield code="a">Barcelona :</subfield>
    <subfield code="b">Editorial Gedisa,</subfield>
    <subfield code="c">2017</subfield>
  </datafield>
  <datafield tag="300" ind1=" " ind2=" ">
    <subfield code="a">287 p. :</subfield>
    <subfield code="b">taules, gr&#xE0;fics ;</subfield>
    <subfield code="c">23 cm</subfield>
  </datafield>
  <datafield tag="505" ind1="8" ind2=" ">
    <subfield code="a">Italia: pol&#xED;ticas sobre concentraci&#xF3;n y medios p&#xFA;blicos / Alessandro D'Arma -- Grecia: desregulaci&#xF3;n y cierre de los medios p&#xFA;blicos / Stylianos Papathanassopoulos -- Portugal: pol&#xED;ticas de transparencia y reforma de los medios p&#xFA;blicos / Mariana Lameiras y Helena Sousa -- La pol&#xED;tica audiovisual de la Uni&#xF3;n Europea / Maria Corominas i Piulats -- Crisis de credibilidad y debilidad financiera de RTVE / Isabel Fern&#xE1;ndez Alonso, Ana Fern&#xE1;ndez Viso y Jos&#xE9; Joaqu&#xED;n Blasco Gil -- La autoridad estatal reguladora del audiovisual: el largo camino hacia la CNMC... y su incierto futuro / Ana Fern&#xE1;ndez Viso -- Pol&#xED;ticas de espectro y su incidencia en la TDT / Eladio Guti&#xE9;rrez Montes -- Pol&#xED;ticas de fomento de la cinematograf&#xED;a y del audiovisual / Mar&#xED;a-Jes&#xFA;s D&#xED;az-Gonz&#xE1;lez y Miguel &#xC1;ngel Casado -- Medios p&#xFA;blicos auton&#xF3;micos: merma en la financiaci&#xF3;n, gobierno parlamentario y externalizaci&#xF3;n creciente de la gesti&#xF3;n / Miguel &#xC1;ngel Casado, Juan Carlos Miguel e Isabel Sarabia -- Los consejos audiovisuales de Catalu&#xF1;a y Andaluc&#xED;a. Composici&#xF3;n, funciones y actuaciones / Aurora Labio -- Pol&#xED;ticas de televisi&#xF3;n en las comunidades aut&#xF3;nomas. Los casos de Andaluc&#xED;a, Catalu&#xF1;a, Extremadura y Madrid / Josep &#xC0;ngel Guimer&#xE0; i Orts y Jos&#xE9; Joaqu&#xED;n Blasco Gil -- Pol&#xED;ticas de fomento del audiovisual auton&#xF3;mico / Miguel &#xC1;ngel Casado y Mar&#xED;a-Jes&#xFA;s D&#xED;az-Gonz&#xE1;lez -- Balance y retos de la pol&#xED;tica audiovisual en Espa&#xF1;a / Isabel Fern&#xE1;ndez Alonso</subfield>
  </datafield>
  <datafield tag="650" ind1=" " ind2="7">
    <subfield code="a">Cinematografia</subfield>
    <subfield code="x">Dret i legislaci&#xF3;</subfield>
    <subfield code="z">Espanya</subfield>
    <subfield code="2">lemac</subfield>
    <subfield code="9">4153</subfield>
  </datafield>
  <datafield tag="650" ind1="0" ind2="7">
    <subfield code="a">Mitjans de comunicaci&#xF3; de massa</subfield>
    <subfield code="x">Dret i legislaci&#xF3;</subfield>
    <subfield code="z">Espanya</subfield>
    <subfield code="2">lemac</subfield>
    <subfield code="9">3370</subfield>
  </datafield>
  <datafield tag="651" ind1=" " ind2="7">
    <subfield code="a">Espanya</subfield>
    <subfield code="x">Pol&#xED;tica de l'audiovisual</subfield>
    <subfield code="2">lemac</subfield>
  </datafield>
  <datafield tag="651" ind1=" " ind2="7">
    <subfield code="a">Europa</subfield>
    <subfield code="x">Pol&#xED;tica de l'audiovisual</subfield>
    <subfield code="2">lemac</subfield>
  </datafield>
  <datafield tag="700" ind1="1" ind2=" ">
    <subfield code="a">Fern&#xE1;ndez Alonso, Isabel,</subfield>
    <subfield code="e">editor literari</subfield>
  </datafield>
  <datafield tag="700" ind1="1" ind2="2">
    <subfield code="i">Contenidor de (obra):</subfield>
    <subfield code="a">D'Arma, Alessandro.</subfield>
    <subfield code="t">Italia : pol&#xED;ticas sobre concentraci&#xF3;n y medios p&#xFA;blicos</subfield>
  </datafield>
  <datafield tag="942" ind1=" " ind2=" ">
    <subfield code="c">MON</subfield>
  </datafield>
  <datafield tag="999" ind1=" " ind2=" ">
    <subfield code="c">7044</subfield>
    <subfield code="d">7044</subfield>
  </datafield>
  <datafield tag="952" ind1=" " ind2=" ">
    <subfield code="0">0</subfield>
    <subfield code="1">0</subfield>
    <subfield code="4">0</subfield>
    <subfield code="7">0</subfield>
    <subfield code="a">CDMR</subfield>
    <subfield code="b">CDMR</subfield>
    <subfield code="d">2017-06-06</subfield>
    <subfield code="e">Intercanvi</subfield>
    <subfield code="g">25.90</subfield>
    <subfield code="l">0</subfield>
    <subfield code="o">Fi /28</subfield>
    <subfield code="p">CDMR17060003</subfield>
    <subfield code="r">2017-06-06</subfield>
    <subfield code="v">25.90</subfield>
    <subfield code="w">2017-06-06</subfield>
    <subfield code="y">MON</subfield>
  </datafield>
</record>
